| 000 | 00506nam a22001577a 4500 | ||
|---|---|---|---|
| 020 | _a9780470414415 | ||
| 040 | _cNUST | ||
| 082 | _a660.2812 PRO | ||
| 100 |
_aSeider, Warren D. _9112280 |
||
| 110 |
_aSeader, J. D. Lewin, Daniel R. Widagdo, Soemantri _9112281 |
||
| 245 |
_aProduct and Process Design Principles; _bSynthesis, Analysis, and Evaluation |
||
| 250 | _a3rd Edition | ||
| 260 |
_aHoboken: _bJohn Wiley & Sons, _c2010. |
||
| 650 |
_aProduct Design Principles _9112389 |
||
| 942 |
_2ddc _cBK |
||
| 999 |
_c594740 _d594740 |
||